Представление документа в формате RUSMARC

ПолеНазваниеЗначение
  Тип записи a
  Библиографический уровень c
001 Контрольный номер RU/SLIB/B/208713178
005 Дата корректировки 20201206203918.3
010 Индекс ISBN __
d Цена 28-00
101 Язык документа __
a Язык текста rus
c Язык оригинала rus
200 Заглавие и сведения об ответственности 1_
a Заглавие Володя-Солнышко
e Сведения, относящиеся к заглавию док. повесть : рассказы
f Первые сведения об ответственности И. М. Ермаков
b Общее обозначение материала Текст
210 Выходные данные __
a Место издания Свердловск
c Издательство Сред.-Урал. кн. изд-во
d Дата издания 1971
215 Физическое описание __
a Объем 80 с.
c Иллюстрации/тип воспроизводства ил.
606 Тематические рубрики __
a Основная рубрика Художественная литература
z Хронологическая подрубрика 20 в.
y Географическая подрубрика СССР; РСФСР; Свердловск
606 Тематические рубрики __
a Основная рубрика Русская литература XX в. (произведения)
610 Ключевые слова __
a Ключевые слова документальные повести; рассказы; советская литература
686 Индексы других классификаций __
a Классификационный индекс 84(2Рос=Рус)6-4
700 Автор _1
a Фамилия Ермаков
b Имя И. М.
4 Код отношения 070
801 Источник записи _0
a Страна RU
b Организация Муниципальное бюджетное учреждение культуры "Централизованная библиотечная система" г. Сургут (Центральная городская библиотека им. А. С. Пушкина)
g Правила каталогизации КиК/Поспелова
801 Источник записи _1
a Страна RU
b Организация Муниципальное бюджетное учреждение культуры "Централизованная библиотечная система" г. Сургут (Центральная городская библиотека им. А. С. Пушкина)
g Правила каталогизации КиК/Поспелова
852 Данные о местонахождении __
j Шифр хранения 84(2Рос=Рус)6-4
i Авторский знак Е 72
p Инвентарный номер 10586(с)
901 Тип документа __
t Тип документа x
903 Характеристики (МАРС) __
a Дата передачи 20010724
969 Тип издания __
a Тип издания сборник
990 Данные о заказе (DOS) __
j Количество экземпляров (DOS) 1; 1
t N записи в КСУ для И/У (DOS) 200107